Trouve l'équipe de basket nationale yougoslave au championnat d'Europe - Statistiques

Statistiques générales
  • Ce quiz a été pris 3 fois
  • Le résultat moyen est 6 sur 13
Statistiques - réponses
Indice Réponse % Correct
Croate Toni Kukoc
100%
Serbe Vlade Divac
100%
serbe Aleksandar Djordjevic
50%
Croate Arijan Komazec
50%
Croate Dino Radja
50%
Entraineur Dusan Ivkovic
50%
Serbe Predrag Danilovic
50%
Monténégrin Zarko Paspalj
50%
Serbe Zoran Savic
50%
Croate Velimir Perasovic
0%
Slovene Yurij Zdovc
0%
Serbe Zoran Jovanovic
0%
Serbe Zoran Sretenovic
0%
Aucun quiz correspondant
Distribution des résultats
% des personnes avec chaque résultat
Percentile par nombre de réponses
Votre historique - résultats
Vous n’avez pas pris ce quiz